Армянская советская поэзия : (Record no. 343444)
[ view plain ]
| 000 -LEADER | |
|---|---|
| fixed length control field | 00664nam a2200193 a 4500 |
| 001 - CONTROL NUMBER | |
| control field | 001054755 |
| 003 - CONTROL NUMBER IDENTIFIER | |
| control field | AM-YeHGA |
| 005 - DATE AND TIME OF LATEST TRANSACTION | |
| control field | 20250617151036.0 |
| 008 - FIXED-LENGTH DATA ELEMENTS--GENERAL INFORMATION | |
| fixed length control field | 150121s1980 ||| r 000 0 ukr d |
| 040 ## - CATALOGING SOURCE | |
| Original cataloging agency | AM-YeHGA |
| 041 0# - LANGUAGE CODE | |
| Language code of text/sound track or separate title | ukr |
| 090 ## - LOCALLY ASSIGNED LC-TYPE CALL NUMBER (OCLC); LOCAL CALL NUMBER (RLIN) | |
| -- | 345242 |
| 245 00 - TITLE STATEMENT | |
| Title | Армянская советская поэзия : |
| Remainder of title | Антология / |
| Statement of responsibility, etc. | Сост. В.В. Кочевский, Г.А. Татосян. |
| 246 1# - VARYING FORM OF TITLE | |
| Title proper/short title | Вiрменська радянска поезiя |
| 246 15 - VARYING FORM OF TITLE | |
| Title proper/short title | Սովետահայ պոեզիա |
| 260 ## - PUBLICATION, DISTRIBUTION, ETC. | |
| Place of publication, distribution, etc. | Киев : |
| Name of publisher, distributor, etc. | Днипро, |
| Date of publication, distribution, etc. | 1980. |
| 300 ## - PHYSICAL DESCRIPTION | |
| Extent | 431 с. : |
| Other physical details | ил. |
| 653 0# - INDEX TERM--UNCONTROLLED | |
| Uncontrolled term | Армянская советская поэзия |
| Withdrawn status | Lost status | Source of classification or shelving scheme | Damaged status | Not for loan | Collection | Home library | Current library | Date acquired | Total checkouts | Full call number | Barcode | Date last seen | Price effective from | Koha item type | Public note |
|---|---|---|---|---|---|---|---|---|---|---|---|---|---|---|---|
| Universal Decimal Classification | General | Fundamental Scientific Library | Fundamental Scientific Library | 09/01/2017 | PII/461678 | FL0318870 | 09/01/2017 | 09/01/2017 | Գրքեր / Books | 30 Days Loan | |||||
| Universal Decimal Classification | General | Fundamental Scientific Library | Fundamental Scientific Library | 09/01/2017 | PII/461679 | FL0318874 | 09/01/2017 | 09/01/2017 | Գրքեր / Books | 30 Days Loan |
ՀՀ Գիտությունների ազգային ակադեմիայի հիմնարար գիտական գրադարան = Fundamental Scientific Library of NAS RA
All site content, except where otherwise noted, is licensed under a